Paris Haussmann : Modèle de ville /

Guardado en:
Detalles Bibliográficos
Autores principales: Jallon, Benoit (Autor), Napolitano, Umberto (Autor), Boutté, Franck (Autor)
Formato: Libro
Lenguaje:francés
inglés
Publicado: Zürich : Pavillon de l'Arsenal, 2017
Edición:1. vydanie
Materias:
Etiquetas: Agregar Etiqueta
Sin Etiquetas, Sea el primero en etiquetar este registro!

MARC

LEADER 00000nam a22000003a 4500
001 0026396
003 SK-STU
005 20190325152658.8
007 ta
008 170927s ----xo-----e------000-0-----d
020 |a 978-2-35487-037-9 
020 |a 978-3-03860-052-7 
040 |a STU  |b slo 
041 0 |a fre  |a eng 
044 |a sz 
100 1 |a Jallon, Benoit  |4 aut  |r Z6 
245 1 0 |a Paris Haussmann :  |b Modèle de ville /  |c aut. Benoit Jallon, Umberto Napolitano, Franck Boutté 
246 3 1 |b A Model's Relevance 
250 |a 1. vydanie 
260 |a Zürich :  |b Pavillon de l'Arsenal,  |c 2017 
300 |a 263 s. 
650 0 7 |a Paríž 
650 0 7 |a pôdorysy 
650 0 7 |a architektonický detail 
650 0 7 |a architectural detail 
650 0 7 |a mestský verejný priestor 
650 0 7 |a public place 
650 0 7 |a typológia budov 
650 0 7 |a typology 
650 0 7 |a footprint 
650 0 7 |a mestský urbanizmus 
650 0 7 |a prípadová štúdia 
700 1 |a Napolitano, Umberto  |r Z6  |4 aut 
700 1 |a Boutté, Franck  |r Z6  |4 aut 
996 |b 284AU07058  |c A* 10287/U  |l AAKNST  |s P  |a 0  |w 0026396_0001 
996 |b 284AU07202  |c A* 10432/U  |l AAKNAR  |s A  |a 24  |w 0026396_0002